| 000 | 00667nam a22001937a 4500 | ||
|---|---|---|---|
| 005 | 20251108164132.0 | ||
| 008 | 250721s1997 xx 000 0 ara d | ||
| 082 | 1 | 4 | _a341.25605694/مرك |
| 245 | 1 | 0 |
_aإتفاق الخليل : _bنموذج لمنهج الليكود في الحل النهائي / |
| 264 | 1 |
_aعمان : _bدار البشير، _c1997. |
|
| 300 | _a84ص | ||
| 490 | 0 | _aدراسات ؛ 22 | |
| 650 | 1 | 7 | _aإتفاقيات السلام |
| 650 | 1 | 7 | _aفلسطين |
| 650 | 1 | 7 | _aإسرائيل |
| 710 | 2 |
_aمركز دراسات الشرق الأوسط : وحدة البحوث و الدراسات _eتاليف |
|
| 942 |
_2ddc _cBK |
||
| 999 |
_c4506 _d4506 |
||